书目信息 |
| 题名: |
智能建筑综合布线系统的安装、调试和运行
|
|
| 作者: | 张新 编著 | |
| 分册: | ||
| 出版信息: | 北京 国防工业出版社 2005 |
|
| 页数: | 308页 | |
| 开本: | 26cm | |
| 丛书名: | ||
| 单 册: | ||
| 中图分类: | TU855 | |
| 科图分类: | ||
| 主题词: | 智能建筑--布线 | |
| 电子资源: | ||
| ISBN: | 7-118-03798-2 | |
| 000 | 00768nam0 2200229 450 | |
| 001 | 0134938422 | |
| 005 | 20050721080500.17 | |
| 010 | @a7-118-03798-2@dCNY33.00 | |
| 100 | @a20050503d2005 km y0chiy0120 ea | |
| 101 | 0 | @achi |
| 102 | @aCN@b110000 | |
| 105 | @aa a 000yy | |
| 200 | 1 | @a智能建筑综合布线系统的安装、调试和运行@Azhi neng jian zhu zong he bu xian xi tong de an zhuang、diao shi he yun xing@f张新等编著@Fzhang xin deng bian zhu |
| 210 | @a北京@c国防工业出版社@d2005 | |
| 215 | @a308页@c图@d26cm | |
| 320 | @a有书目。 | |
| 330 | @a本书包括智能建筑综合布线系统工程的安装、调试和运行等有关技术和知识。 | |
| 606 | 0 | @a智能建筑@x布线 |
| 690 | @aTU855@v4 | |
| 701 | 0 | @a张新@Azhang xin@4编著 |
| 801 | 0 | @aCN@bQSSK@c20050721 |
| 905 | @a10447@dTU855@eZ215 | |
| 智能建筑综合布线系统的安装、调试和运行/张新等编著.-北京:国防工业出版社,2005 |
| 308页:图;26cm |
| ISBN 7-118-03798-2:CNY33.00 |
| 本书包括智能建筑综合布线系统工程的安装、调试和运行等有关技术和知识。 |
| ● |
| 相关链接 |
|
|
|
正题名:智能建筑综合布线系统的安装、调试和运行
索取号:TU855/Z215
 
预约/预借
| 序号 | 登录号 | 条形码 | 馆藏地/架位号 | 状态 | 备注 |
| 1 | 525568 | 205255686 | 建筑库201/201建筑库 55排3列5层/ [索取号:TU855/Z215] | 在馆 | |
| 2 | 525569 | 205255695 | 建筑库201/201建筑库 55排3列5层/ [索取号:TU855/Z215] | 在馆 |